[Event "Bad Woerishofen op 18th"]
[Site "Bad Woerishofen"]
[Date "2002.??.??"]
[Round "8"]
[White "Hermann, Manfred"]
[Black "Hahn, Guenter"]
[Result "1-0"]
[WhiteElo "2340"]
[BlackElo "2150"]
[PlyCount "45"]
[EventDate "2002.03.??"]
[EventType "swiss"]
[EventRounds "9"]
[EventCountry "GER"]
[SourceTitle "EXT 2003"]
[Source "ChessBase"]
[SourceDate "2002.11.25"]
[SourceVersion "1"]
[SourceVersionDate "2002.11.25"]
[SourceQuality "1"]

1. e4 e6 2. d4 d5 3. Nc3 Nf6 4. Bg5 Bb4 5. Nge2 dxe4 6. a3 Be7 7. Bxf6 Bxf6 8. Nxe4 Nd7 9. N2c3 Nb6 10. Nxf6+ Qxf6 11. Ne4 Qe7 12. f4 Bd7 13. Bd3 Bc6 14. 0-0 0-0-0 15. c3 Nd5 16. Qe2 f5 17. Nc5 b6 18. Qxe6+ Qxe6 19. Nxe6 Rd6 20. Nxg7 Kb7 21. Nxf5 Rf6 22. Rae1 Rhf8 23. c4 1-0

[Event "Bad Woerishofen op 18th"]
[Site "Bad Woerishofen"]
[Date "2002.??.??"]
[Round "2"]
[White "Kengis, Edvins"]
[Black "Hahn, Guenter"]
[Result "1-0"]
[WhiteElo "2570"]
[BlackElo "2150"]
[PlyCount "65"]
[EventDate "2002.03.??"]
[EventType "swiss"]
[EventRounds "9"]
[EventCountry "GER"]
[SourceTitle "EXT 2003"]
[Source "ChessBase"]
[SourceDate "2002.11.25"]
[SourceVersion "1"]
[SourceVersionDate "2002.11.25"]
[SourceQuality "1"]

1. Nf3 Nf6 2. g3 b5 3. Bg2 Bb7 4. Na3 a6 5. c4 b4 6. Nc2 c5 7. d4 e6 8. 0-0 Be7 9. dxc5 Bxc5 10. Be3 d6 11. a3 Bxe3 12. Nxe3 bxa3 13. Qa4+ Nbd7 14. Qxa3 Qc7 15. Rfd1 Nc5 16. b4 Nce4 17. Nd4 e5 18. Ndf5 g6 19. Nxd6+ Nxd6 20. Rxd6 Qxd6 21. Bxb7 Ra7 22. c5 Qe7 23. c6 0-0 24. b5 Rxb7 25. cxb7 Qxa3 26. Rxa3 axb5 27. Rb3 Rb8 28. Rxb5 Ne4 29. Rxe5 Nd6 30. Rd5 Nxb7 31. Rb5 h5 32. Nd5 Kg7 33. e4 1-0

[Event "Bad Woerishofen op 17th"]
[Site "Bad Woerishofen"]
[Date "2001.??.??"]
[Round "5"]
[White "Dittmar, Peter"]
[Black "Hahn, Guenter"]
[Result "1-0"]
[WhiteElo "2339"]
[BlackElo "2172"]
[PlyCount "99"]
[EventDate "2001.03.15"]
[EventType "swiss"]
[EventRounds "9"]
[EventCountry "GER"]
[SourceTitle "CBM 081 Extra"]
[Source "ChessBase"]
[SourceDate "2001.05.06"]
[SourceVersion "1"]
[SourceVersionDate "2001.05.06"]
[SourceQuality "1"]

1. b3 e6 2. Bb2 Nf6 3. c4 c5 4. Nf3 Nc6 5. g3 b6 6. Bg2 Bb7 7. 0-0 Be7 8. d4 Nxd4 9. Nxd4 Bxg2 10. Kxg2 cxd4 11. Qxd4 d5 12. cxd5 Qxd5+ 13. Qxd5 exd5 14. Nc3 Rc8 15. Rfd1 0-0 16. Rac1 Rcd8 17. Nb5 Rd7 18. Nd4 Ne4 19. f3 Nd6 20. e4 Bf6 21. exd5 Rfd8 22. Rc2 Bxd4 23. Bxd4 Nf5 24. Bf2 h6 25. g4 Ne7 26. d6 Rxd6 27. Rxd6 Rxd6 28. Rc7 Nc6 29. h4 Kf8 30. h5 g5 31. hxg6 Rxg6 32. Be3 f5 33. Kg3 fxg4 34. fxg4 Ne5 35. Kf4 Nd3+ 36. Kf5 Rd6 37. Rxa7 Nb4 38. Bc1 Kg8 39. Ba3 Rd4 40. Ra8+ Kh7 41. Ra7+ Kg8 42. Ra4 Nc2 43. Rxd4 Nxd4+ 44. Kg6 Nc2 45. Bc1 Nb4 46. Bxh6 Nxa2 47. Bd2 b5 48. Kf5 b4 49. Ke4 Kf7 50. Kd3 1-0

[Event "Bad Woerishofen op 17th"]
[Site "Bad Woerishofen"]
[Date "2001.??.??"]
[Round "8"]
[White "Hahn, Guenter"]
[Black "Noras, Peter"]
[Result "1/2-1/2"]
[WhiteElo "2172"]
[BlackElo "1632"]
[PlyCount "106"]
[EventDate "2001.03.15"]
[EventType "swiss"]
[EventRounds "9"]
[EventCountry "GER"]
[SourceTitle "CBM 081 Extra"]
[Source "ChessBase"]
[SourceDate "2001.05.06"]
[SourceVersion "1"]
[SourceVersionDate "2001.05.06"]
[SourceQuality "1"]

1. Nf3 d5 2. g3 Nf6 3. Bg2 Bf5 4. 0-0 e6 5. d3 Be7 6. Nh4 Bg6 7. Nxg6 hxg6 8. c4 c6 9. cxd5 cxd5 10. e4 Qd7 11. Nc3 dxe4 12. dxe4 Qxd1 13. Rxd1 Nc6 14. Bf4 Rd8 15. Rxd8+ Kxd8 16. Rd1+ Kc8 17. e5 Ng4 18. Bxc6 bxc6 19. Ne4 Nh6 20. Be3 a6 21. Bb6 Nf5 22. g4 Nh4 23. f4 g5 24. Nd6+ Bxd6 25. exd6 Kd7 26. fxg5 Nf3+ 27. Kg2 Nxg5 28. Bc5 Ne4 29. b4 Rh4 30. h3 Rh8 31. Rd3 Rb8 32. Ra3 Ra8 33. Kf3 Nd2+ 34. Kf4 f6 35. h4 Nc4 36. Rc3 Ne5 37. h5 a5 38. a3 axb4 39. Bxb4 Ra4 40. Kg3 Nf7 41. Rb3 Ra8 42. Bc5 Nd8 43. Kh4 Ra5 44. Bb6 Rb5 45. Rxb5 cxb5 46. Bxd8 Kxd8 47. g5 fxg5+ 48. Kxg5 Kd7 49. Kg6 e5 50. Kxg7 e4 51. h6 e3 52. h7 e2 53. h8Q e1Q 1/2-1/2